Manuel d'archéologie orientale depuis les origines jusqu'a l'époque d'Alexandre /

Saved in:

Main Author: Contenau, G., 1877-1964 (Author)

Format: Book

Language: French

Published: Paris : A. Picard, 1927-47.

Subjects:

Tags: Add Tag

No Tags, Be the first to tag this record!

Call Number: DS56 .C6 v.1-4

LEADER 01185nam a2200253Ia 4500
001 5815
003 OSt
005 20260311060549.0
008 130303m19271947fr ab b 000 0 fre d
035 |a ocm29697699 
040 |c ARCE Library 
050 4 |a DS56 .C6 v.1-4 
100 1 |a Contenau, G.,   |q (Georges),   |d 1877-1964,   |e author  |9 28260 
245 1 0 |a Manuel d'archéologie orientale depuis les origines jusqu'a l'époque d'Alexandre /  |c par le dr G. Contenau. 
264 1 |a Paris :  |b A. Picard,  |c 1927-47. 
300 |a 4 volumes :   |b illus., maps (part fold.) ;   |c 23 cm. 
504 |a "Bibliographie": v.l, p.[491]-521; v.2, p.[1075]-1086; v.3, p.[1603]-1610; v.4, p.[2307]-2343. 
505 0 |a I. Notions générales (races, chronologie, langage, écriture, religion, etc.) Histoire de l'art (art archaïque d'Elam et de Sumer)--II. Histoire de l'art (suite) IIIe et IIe millénaires avant notre ére.--III. Histoire de l'art (fin) Premier millénaire jusqu'à Alexandre. Appendices.--IV. Les découvertes archéologiques de 1930 á 1939. 
650 0 |a Oriental antiquities. 
650 0 |a Art, Ancient. 
650 0 |a Art, Oriental. 
901 |a reviewed 
942 |c BK  |2 lcc 
999 |c 5951  |d 5951